William and Mary Bill of Rights journal

Detalles Bibliográficos
Autor Corporativo: William and mary School of law
Formato: Desconocido
Lenguaje:inglés
Publicado: [Williamsburg, Virginia] : William & Mary Bill of Rights journal
Materias:
Acceso en línea:Acceso restringido

MARC

LEADER 00000ny a22000003n 4500
005 20110516133556.0
006 sqr p s g 0 a0
007 cr cnu---m|a|a
008 050623c19929999vauq pf eng c
010 |a 93660664   |a sn 92005920 
022 |a 1065-8254 
022 |a 1943-135X 
035 |a 5200 
040 |a SpMaUCDE  |d vLex 
043 |a n-us---  |a n-us-va 
080 |a 347(73)(05)(086) 
082 0 0 |a 342  |2 20 
090 |c 1966  |d 1966 
210 1 |a William Mary Bill Rights j. 
245 0 0 |a William and Mary Bill of Rights journal  |h [Recurso electrn̤ico] 
246 3 |a Bill of Rights journal 
246 3 |a William & Mary Bill of Rights journal 
256 |a Servicio en ln̕ea 
260 |a [Williamsburg, Virginia] :  |b William & Mary Bill of Rights journal 
310 |a Trimestral 
500 |a Continuacin̤ de Colonial Lawyer 
506 1 |a Contenido solo disponible en los productos indicados  |d vLex Global  |d vLex Global (Academic Edition, excluding Law Schools)  |d vLex Global (U.S. Academic Edition, excluding Law Schools) 
650 0 4 |a Derecho civil  |z Estados Unidos  |x Publicaciones perid̤icas 
650 0 4 |a Derechos humanos  |z Estados Unidos  |x Publciaciones perid̤icas 
710 2 |a William and mary School of law 
740 |a vLex Revista (Servicios en ln̕ea) 
843 |a Electrn̤ica. Abierta 
853 |8 1  |i (year)  |j (month)  |k (day) 
856 4 0 |z Acceso restringido  |u http://vlex.com/account/login_ip?fuente_id=5200 
942 |c REV 
999 7 |a États-Unis 
999 7 |a Derecho civil  |z Estados Unidos  |v En ln̕ea